Keyboard - Statistics

General Stats
  • This quiz has been taken 62 times
  • The average score is 31 of 37
Answer Stats
Answer % Correct
d
97%
o
94%
a
91%
e
91%
f
91%
i
91%
i
91%
j
91%
t
91%
w
91%
b
89%
g
89%
h
89%
p
89%
q
89%
s
89%
k
86%
r
86%
u
86%
y
86%
c
83%
l
83%
n
80%
m
77%
x
77%
z
77%
1
74%
2
74%
3
74%
8
74%
v
74%
4
71%
5
71%
6
71%
7
71%
9
71%
0
69%
No matching quizzes found
Score Distribution
Percent of People with Each Score
Percentile by Number Answered
Your Score History
You have not taken this quiz